[Event "Kalamazoo Mini-Swiss.1"]
[Site "Kalamazoo, MI"]
[Date "1998.??.??"]
[Round "?"]
[White "Estlick, Laurence"]
[Black "Vidulich, M."]
[Result "0-1"]
[WhiteElo "2025"]
[BlackElo "1715"]
[PlyCount "44"]
[EventDate "1998.??.??"]

1. d4 Nf6 2. c4 c5 3. e3 g6 4. Nf3 Bg7 5. Nc3 cxd4 6. Nxd4 Nc6 7. Nxc6 bxc6 8.
Bd3 Rb8 9. O-O Qc7 10. Qc2 Ng4 11. g3 Ne5 12. Be2 d6 13. b3 Bf5 14. e4 Bh3 15.
Rd1 Qc8 16. Bb2 Bg4 17. Bxg4 Qxg4 18. f4 Nf3+ 19. Kh1 h5 20. Qg2 h4 21. gxh4
Qxh4 22. Rd3 Qxh2+ 0-1

[Event "Kalamazoo Mini-Swiss.1"]
[Site "Kalamazoo, MI"]
[Date "1998.??.??"]
[Round "?"]
[White "Estlick, Laurence"]
[Black "Dorrington, Eldon"]
[Result "1-0"]
[WhiteElo "2025"]
[BlackElo "1690"]
[PlyCount "129"]
[EventDate "1998.??.??"]

1. d4 d5 2. c4 Nc6 3. Nf3 dxc4 4. Nc3 e6 5. e4 Bb4 6. Bxc4 a6 7. O-O Nge7 8.
Be3 O-O 9. Qc2 Ng6 10. Rfd1 b5 11. Be2 Bb7 12. d5 exd5 13. Nxd5 Qc8 14. a3 Bd6
15. Nb6 cxb6 16. Rxd6 Qc7 17. Rdd1 Rac8 18. Rac1 Rfd8 19. Rxd8+ Qxd8 20. Qd1
Qe8 21. Nd2 Qd8 22. Nb3 Qxd1+ 23. Rxd1 Na5 24. Nxa5 bxa5 25. f3 Bc6 26. Bb6 a4
27. Kf2 Kf8 28. Rd8+ Rxd8 29. Bxd8 Ke8 30. Bb6 f6 31. Bd4 Kd7 32. Ke3 Ne5 33.
Bc3 Bb7 34. Kd4 Kd6 35. Bb4+ Kc7 36. Bf8 g6 37. Bg7 Nd7 38. g3 Kd6 39. f4 Ke7
40. Bg4 Bc8 41. e5 f5 42. Bf3 a5 43. Bh6 Ba6 44. Bg5+ Kf7 45. Bd8 Nf8 46. Bxa5
Ne6+ 47. Kc3 Nc5 48. Bd5+ Ke8 49. Bg8 Kd7 50. Bxh7 Ne4+ 51. Kd4 Nf2 52. Bxg6
Ke6 53. Bh7 Bc8 54. Bg8+ Ke7 55. Bb4+ Ke8 56. Bd5 Ng4 57. Bc6+ Bd7 58. Kc5 Bxc6
59. Kxc6 Nxh2 60. Kxb5 Nf1 61. Kxa4 Nxg3 62. Kb5 Kd8 63. a4 Kc8 64. a5 Nh5 65.
Bd2 1-0

[Event "Kalamazoo Mini-Swiss.1"]
[Site "Kalamazoo, MI"]
[Date "1998.??.??"]
[Round "?"]
[White "Estlick, Laurence"]
[Black "Anthony, James"]
[Result "1-0"]
[WhiteElo "1905"]
[BlackElo "1605"]
[PlyCount "47"]
[EventDate "1998.??.??"]

1. d4 e6 2. c4 d6 3. Nc3 g6 4. e4 Bg7 5. Nf3 Ne7 6. Bg5 O-O 7. Qd2 Nbc6 8.
O-O-O Qe8 9. h4 Kh8 10. h5 f6 11. h6 fxg5 12. hxg7+ Kxg7 13. Qxg5 Ng8 14. Bd3
Qe7 15. Qe3 Qf6 16. Rh4 h5 17. Rdh1 Nh6 18. e5 Qf7 19. Qg5 Ne7 20. Rxh5 Neg8
21. Rxh6 Qf4+ 22. Qxf4 Rxf4 23. Rxg6+ Kf8 24. Rh8 1-0

[Event "Michigan Class D/E"]
[Site "Grand Rapids, MI"]
[Date "1998.??.??"]
[Round "?"]
[White "Engstrom, Nate"]
[Black "Lueer, Michael"]
[Result "1-0"]
[WhiteElo "1605"]
[BlackElo "1605"]
[PlyCount "47"]
[EventDate "1998.01.??"]

1. d4 b6 2. c4 Nc6 3. Nf3 Bb7 4. Nc3 d6 5. Bg5 h6 6. Bh4 g5 7. Bg3 Bg7 8. e3 e6
9. a3 h5 10. h4 g4 11. Nd2 Qd7 12. Rc1 O-O-O 13. b4 a6 14. Nb3 f5 15. Ne2 Nce7
16. Rg1 Nf6 17. Nd2 Bc6 18. Nc3 d5 19. cxd5 exd5 20. Bxa6+ Bb7 21. Qe2 c6 22.
Na4 Bxa6 23. Qxa6+ Qb7 24. Nxb6# 1-0

[Event "Michigan Class D/E"]
[Site "Grand Rapids, MI"]
[Date "1998.??.??"]
[Round "?"]
[White "Engstrom, Nate"]
[Black "Evans Sr., Thomas"]
[Result "1/2-1/2"]
[WhiteElo "1605"]
[BlackElo "1605"]
[PlyCount "124"]
[EventDate "1998.01.??"]

1. d4 e6 2. c4 d5 3. Nf3 Nf6 4. Bg5 Be7 5. Nc3 O-O 6. e3 c5 7. Bd3 Nc6 8. a3
Bd7 9. O-O Qb6 10. Qc2 dxc4 11. Bxc4 cxd4 12. Ne2 dxe3 13. Bxe3 Bc5 14. Bxc5
Qxc5 15. b4 Qh5 16. Ng3 Qg4 17. h3 Nd4 18. Nxd4 Qxd4 19. Rad1 Qb6 20. Ne4 Nxe4
21. Qxe4 Bc6 22. Qd4 Qxd4 23. Rxd4 Rfd8 24. Rfd1 Rxd4 25. Rxd4 a6 26. Rd6 g6
27. f3 Rc8 28. Rxe6 Bxf3 29. Rf6 Rxc4 30. Rxf3 Rc7 31. Kh2 h5 32. h4 Kg7 33.
Kh3 f6 34. Rd3 g5 35. hxg5 fxg5 36. g3 Kf6 37. Rd6+ Kg7 38. Rd5 Kf6 39. Rd6+
Ke5 40. Rh6 h4 41. gxh4 gxh4 42. Kxh4 Kd4 43. Rb6 Kc4 44. a4 Kb3 45. b5 a5 46.
Re6 Kxa4 47. b6 Rc4+ 48. Kg3 Kb5 49. Kf2 a4 50. Ke1 a3 51. Re2 Kxb6 52. Ra2 Ra4
53. Kd2 Kc5 54. Kc3 b5 55. Kb3 Ra8 56. Rc2+ Kb6 57. Ra2 Ra4 58. Rxa3 Rxa3+ 59.
Kxa3 Kc5 60. Kb3 b4 61. Kb2 Kc4 62. Kc2 b3+ 1/2-1/2

[Event "Michigan Class D/E"]
[Site "Grand Rapids, MI"]
[Date "1998.??.??"]
[Round "?"]
[White "Engstrom, Nate"]
[Black "Delong, Jason"]
[Result "1-0"]
[WhiteElo "1605"]
[BlackElo "1605"]
[PlyCount "62"]
[EventDate "1998.01.??"]

1. d4 d5 2. c4 e6 3. Nf3 dxc4 4. e3 Nc6 5. Bxc4 Nf6 6. O-O Be7 7. Nc3 Nb4 8. a3
Nbd5 9. Nxd5 exd5 10. Be2 O-O 11. b4 Ne4 12. Bb2 Qd6 13. Nd2 Qg6 14. Nxe4 Qxe4
15. Bd3 Qe6 16. Qc2 g6 17. Qxc7 Bd8 18. Qc3 Qf6 19. Qb3 Qg5 20. Rfc1 Bh3 21.
Bf1 Re8 22. g3 Qh5 23. Bxh3 Qxh3 24. Qxd5 Bc7 25. Rxc7 Rf8 26. Qxb7 Rac8 27.
Rxc8 Rxc8 28. Rc1 Rd8 29. Rc7 h6 30. Rxf7 Rf8 31. Rg7+ Kh8 1-0

[Event "Michigan Open Reserve"]
[Site "Flint, MI"]
[Date "1998.??.??"]
[Round "?"]
[White "Duncan, Robert"]
[Black "McCormick, Tim"]
[Result "1/2-1/2"]
[WhiteElo "1605"]
[BlackElo "1605"]
[PlyCount "89"]
[EventDate "1998.09.??"]

1. d4 Nf6 2. Bg5 e6 3. e3 d5 4. Bd3 c5 5. c3 Be7 6. Nf3 Nbd7 7. Nbd2 c4 8. Bc2
O-O 9. O-O Re8 10. Re1 Qc7 11. Bf4 Bd6 12. Bxd6 Qxd6 13. e4 Nxe4 14. Nxe4 dxe4
15. Bxe4 Nf6 16. Bc2 b5 17. Ne5 Bb7 18. Ng4 Qf4 19. Nxf6+ Qxf6 20. Be4 Bd5 21.
Qc2 h6 22. Re2 Re7 23. Rae1 Rae8 24. Re3 Rd7 25. Qe2 Qd8 26. Bxd5 Rxd5 27. Re5
Qd6 28. Rxd5 Qxd5 29. Qe5 Qxe5 30. Rxe5 Rb8 31. b4 Rb6 32. a4 a6 33. a5 Rc6 34.
f4 f6 35. d5 exd5 36. Rxd5 g6 37. Kf2 f5 38. h4 Kf7 39. Ke3 Re6+ 40. Re5 Rd6
41. Kf3 Rd3+ 42. Re3 Rd7 43. Ke2 Kf8 44. Re5 Kf7 45. Kf3 1/2-1/2

[Event "Michigan Open Reserve"]
[Site "Flint, MI"]
[Date "1998.??.??"]
[Round "?"]
[White "Duncan, Robert"]
[Black "Carpenter, O."]
[Result "0-1"]
[WhiteElo "1605"]
[BlackElo "1605"]
[PlyCount "83"]
[EventDate "1998.09.??"]

1. d4 Nf6 2. Nf3 g6 3. g3 Bg7 4. Bg2 O-O 5. O-O d6 6. e3 Nbd7 7. Nbd2 e5 8. c3
Re8 9. Re1 e4 10. Ng5 d5 11. Nh3 Nf8 12. Nf4 c6 13. c4 Bf5 14. Qb3 Qd7 15. Ne2
Bh3 16. Nf4 Bxg2 17. Nxg2 Ne6 18. c5 Ng5 19. Nf4 Nh3+ 20. Nxh3 Qxh3 21. Nf1 Qd7
22. Kg2 h5 23. Qd1 Nh7 24. f4 exf3+ 25. Qxf3 Re4 26. h4 Nf6 27. Nh2 Bh6 28. Rf1
Ng4 29. Nxg4 Qxg4 30. Qxg4 hxg4 31. Re1 Rae8 32. Kf2 R8e6 33. Bd2 Rf6+ 34. Kg2
Rf3 35. Rf1 Bxe3 36. Rxf3 gxf3+ 37. Kxf3 Bxd2 38. Rd1 Be3 39. Re1 Bxd4 40. Rxe4
dxe4+ 41. Kxe4 Bxc5 42. a3 0-1

[Event "Kalamazoo Mini-Swiss.1"]
[Site "Kalamazoo, MI"]
[Date "1998.??.??"]
[Round "?"]
[White "Draper, M."]
[Black "Treacy, Joe"]
[Result "1-0"]
[WhiteElo "1605"]
[BlackElo "1660"]
[PlyCount "65"]
[EventDate "1998.??.??"]

1. d4 Nf6 2. c4 c5 3. d5 b5 4. b3 g6 5. Bb2 Bg7 6. Qc2 bxc4 7. bxc4 O-O 8. g3
d6 9. Bg2 Nbd7 10. e4 Ba6 11. Nf3 Rb8 12. Nbd2 Qb6 13. Rb1 Qa5 14. O-O Rb6 15.
a3 Rfb8 16. Bxf6 Bxf6 17. Bh3 Ne5 18. Nxe5 Bxe5 19. Rxb6 Rxb6 20. Rb1 Qxa3 21.
Bf1 Bc8 22. Rxb6 axb6 23. Qb3 Qa5 24. Nf3 Bg7 25. Qb5 Bg4 26. Qe8+ Bf8 27. Ng5
Kg7 28. Qxf7+ Kh6 29. h4 Bg7 30. Qg8 Kh5 31. Qxg7 Bd7 32. Be2+ Bg4 33. Qxh7#
1-0

[Event "Michigan Amateur"]
[Site "Kalamazoo "]
[Date "1998.??.??"]
[Round "?"]
[White "Draper, M."]
[Black "Richards, K."]
[Result "1-0"]
[WhiteElo "1605"]
[BlackElo "1605"]
[PlyCount "137"]
[EventDate "1998.07.??"]

{7/19} 1. d4 d5 2. c4 dxc4 3. Nf3 e6 4. e3 Bb4+ 5. Bd2 a5 6. Bxc4 Nf6 7. O-O
O-O 8. Qb3 Qd6 9. a3 Bxd2 10. Nbxd2 a4 11. Qc2 Ng4 12. Bd3 f5 13. Rac1 c6 14.
Nc4 Qc7 15. h3 Nf6 16. Nce5 g6 17. Bc4 b5 18. Ba2 Ne4 19. Nd2 Bd7 20. Nxe4 fxe4
21. Qxe4 Rf6 22. Nxd7 Qxd7 23. Qe5 Kg7 24. Bb1 Na6 25. Be4 Raf8 26. Rxc6 Nb8
27. Rc7 Qf7 28. Rxf7+ Kxf7 29. Qxb5 Kg8 30. Qxa4 h5 31. b4 g5 32. Qa7 R6f7 33.
Qa5 Nd7 34. Qxg5+ Rg7 35. Qxh5 Nf6 36. Qf3 Nxe4 37. Qxe4 Ra7 38. Qxe6+ Rff7 39.
Qxf7+ Kxf7 40. Ra1 Ke6 41. a4 Kd5 42. a5 Kc4 43. a6 Kxb4 44. g4 Kb5 45. Kg2 Kb4
46. Kg3 Kb3 47. f4 Kb2 48. Ra5 Kb3 49. Kf3 Kb4 50. Ra1 Kc3 51. d5 Kc4 52. d6
Kc5 53. d7 Rxd7 54. a7 Rd8 55. a8=Q Rxa8 56. Rxa8 Kd5 57. Ra4 Ke6 58. Ra5 Kf6
59. Ke4 Ke6 60. Ra6+ Kd7 61. Kd3 Ke7 62. Ke4 Kf7 63. Ra7+ Ke8 64. Kf5 Kd8 65.
Ke6 Kc8 66. Rh7 Kd8 67. Rg7 Kc8 68. Kd6 Kb8 69. Kc6 1-0

[Event "Kalamazoo Mini-Swiss.2"]
[Site "Kalamazoo, MI"]
[Date "1998.??.??"]
[Round "?"]
[White "Draper, M."]
[Black "Jackson, Don"]
[Result "0-1"]
[WhiteElo "1605"]
[BlackElo "1605"]
[PlyCount "74"]
[EventDate "1998.??.??"]

1. d4 h6 2. c4 g5 3. Nc3 Bg7 4. e3 c5 5. Nge2 Nc6 6. Ne4 Qa5+ 7. N4c3 Nf6 8.
Qa4 Qxa4 9. Nxa4 Nb4 10. Kd2 Ne4+ 11. Kd1 Nxf2+ 12. Ke1 Nxh1 13. Rb1 Nd3+ 14.
Kd2 Nhf2 15. Nxc5 Nxc5 16. dxc5 Ne4+ 17. Ke1 Nxc5 18. Ng3 d6 19. b3 O-O 20. Bb2
Bg4 21. Bxg7 Kxg7 22. Be2 Bxe2 23. Kxe2 f5 24. Rf1 e6 25. Rf3 Ne4 26. Kd3 Nxg3
27. Rxg3 e5 28. h4 Kg6 29. e4 Rae8 30. Rh3 fxe4+ 31. Ke3 Rf4 32. h5+ Kh7 33. g3
Rg4 34. Kf2 Rf8+ 35. Kg2 e3 36. Rh1 e2 37. Re1 Re4 0-1

[Event "Michigan Amateur"]
[Site "Kalamazoo "]
[Date "1998.??.??"]
[Round "?"]
[White "Draper, M."]
[Black "Hess, Michael"]
[Result "0-1"]
[WhiteElo "1605"]
[BlackElo "1605"]
[PlyCount "54"]
[EventDate "1998.07.??"]

{7/18} 1. d4 Nf6 2. c4 g6 3. Nc3 Bg7 4. e3 d6 5. Nge2 O-O 6. g3 Bg4 7. f3 Bxf3
8. Rg1 Nc6 9. Qb3 b6 10. Bh3 Na5 11. Qb4 c5 12. Qa4 Bc6 13. Qc2 Nxc4 14. b3 Na5
15. Bb2 Bd7 16. Bg2 Rb8 17. O-O-O Qc8 18. h4 Bf5 19. e4 Bh6+ 20. Kb1 Bg4 21.
Bc1 Bxc1 22. Rxc1 Bxe2 23. Qxe2 cxd4 24. Nd5 Qe6 25. Rc7 Nxd5 26. Qd3 Nxc7 27.
Qxd4 Qe5 0-1

[Event "Michigan Amateur"]
[Site "Kalamazoo "]
[Date "1998.??.??"]
[Round "?"]
[White "Draper, M."]
[Black "Crysler, Jerry"]
[Result "1-0"]
[WhiteElo "1605"]
[BlackElo "1605"]
[PlyCount "127"]
[EventDate "1998.07.??"]

{7/19} 1. d4 g6 2. c4 Bg7 3. Nc3 c5 4. d5 Bxc3+ 5. bxc3 f5 6. Bf4 Qa5 7. Qc2 d6
8. e3 Nf6 9. Bd3 Nbd7 10. Ne2 Ng4 11. O-O Nde5 12. f3 Nf6 13. Bxe5 dxe5 14. e4
f4 15. Kh1 h5 16. Ng1 Bd7 17. Rfc1 O-O-O 18. Rab1 Kb8 19. Qb2 Bc8 20. Nh3 Nh7
21. Nf2 Qc7 22. Bc2 Ng5 23. Nd3 Nf7 24. Qb5 Nd6 25. Qa4 Bd7 26. Qb3 b6 27. Nxe5
g5 28. a4 Nb7 29. Nf7 Na5 30. Qa2 h4 31. Nxd8 Rxd8 32. Re1 Rh8 33. e5 h3 34. e6
hxg2+ 35. Kxg2 Bc8 36. Bf5 Ba6 37. Bd3 Qd8 38. Qe2 Qe8 39. Qe5+ Kb7 40. Be4
Bxc4 41. d6+ Ka6 42. Rh1 Qh5 43. Bf5 Qh4 44. d7 Nb3 45. Qe1 Qh6 46. Bg4 Qg6 47.
Rd1 Qc2+ 48. Qf2 Qxf2+ 49. Kxf2 Rd8 50. h4 gxh4 51. Rxh4 Na5 52. Rh7 Nc6 53.
Rdh1 Ne5 54. Rh8 Rxh8 55. Rxh8 Nc6 56. d8=Q Nxd8 57. Rxd8 Ka5 58. Rd7 a6 59.
Rxe7 Kxa4 60. Rf7 Kb3 61. Rxf4 Bxe6 62. Bxe6+ Kxc3 63. Rc4+ Kd3 64. f4 1-0

[Event "Kalamazoo Mini-Swiss.2"]
[Site "Kalamazoo, MI"]
[Date "1998.??.??"]
[Round "?"]
[White "Draper, M."]
[Black "Amante, T."]
[Result "0-1"]
[WhiteElo "1605"]
[BlackElo "1605"]
[PlyCount "111"]
[EventDate "1998.??.??"]

1. d4 Nf6 2. c4 e6 3. a3 Be7 4. Nc3 O-O 5. Nf3 b6 6. Bg5 Bb7 7. d5 Nxd5 8. Bxe7
Nxe7 9. e4 d6 10. Bd3 e5 11. Qc2 Ng6 12. O-O Nf4 13. Nd5 Nxd3 14. Qxd3 Nd7 15.
Rfe1 Nc5 16. Qc2 Ne6 17. Rad1 Bxd5 18. Rxd5 Nf4 19. Rd2 Qf6 20. Re3 h5 21. Qa4
h4 22. Qd7 Rac8 23. Qg4 h3 24. g3 Ng2 25. Red3 Qe6 26. Qxe6 fxe6 27. Ng5 Rf6
28. Nxh3 Ne1 29. Ng5 Nxd3 30. Rxd3 Rcf8 31. Rd2 Rg6 32. h4 a5 33. Kg2 Rgf6 34.
f3 Rd8 35. Rf2 c6 36. b3 d5 37. Rd2 d4 38. Rd3 c5 39. Nh3 a4 40. Nf2 axb3 41.
Rxb3 Rff8 42. Nd3 b5 43. Rxb5 Rb8 44. Nxc5 Rxb5 45. cxb5 Rc8 46. Nd3 Rc3 47.
Nxe5 Rxa3 48. g4 Rb3 49. Kg3 Rxb5 50. Nd3 Rb3 51. Nf2 d3 52. Nxd3 Rxd3 53. Kf4
e5+ 54. Kg3 g6 55. h5 gxh5 56. gxh5 0-1

[Event "Kalamazoo Mini-Swiss.2"]
[Site "Kalamazoo, MI"]
[Date "1998.??.??"]
[Round "?"]
[White "Draper, M."]
[Black "Amante, Anthony"]
[Result "0-1"]
[WhiteElo "1605"]
[BlackElo "1605"]
[PlyCount "46"]
[EventDate "1998.??.??"]

1. d4 d5 2. c4 e6 3. Nc3 Nf6 4. Nf3 c6 5. Bg5 Be7 6. e3 Qb6 7. Qc2 Nbd7 8. Rc1
Bb4 9. cxd5 Nxd5 10. Bd3 h6 11. Bh4 Bd6 12. O-O Nb4 13. Na4 Qc7 14. Qb3 Nxd3
15. Qxd3 O-O 16. d5 exd5 17. Qxd5 cxd5 18. Rxc7 Bxc7 19. Nc3 Nb6 20. Nd4 Bd7
21. Be7 Rfe8 22. Ncb5 Bxb5 23. Nxb5 Rxe7 0-1

[Event "U.S. Amateur North"]
[Site "Detroit, MI"]
[Date "1998.??.??"]
[Round "?"]
[White "Dragomirov, Z."]
[Black "Young, Corneil"]
[Result "0-1"]
[WhiteElo "1605"]
[BlackElo "1605"]
[PlyCount "100"]
[EventDate "1998.05.??"]

{5/23} 1. e4 e5 2. Nf3 d6 3. Nc3 Nf6 4. Bc4 Bg4 5. h3 Bxf3 6. Qxf3 Be7 7. Ne2
O-O 8. d4 Nc6 9. d5 Na5 10. Qg3 Nxc4 11. Bh6 g6 12. Bxf8 Bxf8 13. b3 Nb6 14. h4
h5 15. f3 Nbd7 16. Qf2 c6 17. g4 hxg4 18. fxg4 Nxg4 19. Qg3 Ndf6 20. h5 gxh5
21. Rxh5 Nxh5 22. Qxg4+ Ng7 23. O-O-O Qf6 24. Rh1 Be7 25. Qh3 Qh4 26. Qxh4 Bxh4
27. Rxh4 Re8 28. dxc6 bxc6 29. Rh6 Rd8 30. a4 f5 31. exf5 Nxf5 32. Rg6+ Kf7 33.
Rg1 Rg8 34. Rf1 Ke6 35. Rg1 Rxg1+ 36. Nxg1 a5 37. Nf3 Kf6 38. c4 e4 39. Nd2 Ke5
40. Nxe4 Kxe4 41. b4 axb4 42. a5 Ne7 43. Kb2 Kd4 44. Kb3 Kc5 45. a6 Nc8 46. Ka4
Kxc4 47. Ka5 b3 48. Ka4 b2 49. a7 b1=Q 50. a8=Q Qa2# 0-1

[Event "U.S. Amateur North"]
[Site "Detroit, MI"]
[Date "1998.??.??"]
[Round "?"]
[White "Dragomirov, Z."]
[Black "Stinson, A."]
[Result "0-1"]
[WhiteElo "1605"]
[BlackElo "1605"]
[PlyCount "92"]
[EventDate "1998.05.??"]

{5/23} 1. e4 e6 2. d4 d5 3. Nc3 dxe4 4. Nxe4 Be7 5. Nf3 Nc6 6. Bc4 Nf6 7. Nxf6+
Bxf6 8. d5 exd5 9. Bxd5 Qe7+ 10. Be3 O-O 11. Nd4 Nxd4 12. c3 Nf5 13. O-O Nxe3
14. fxe3 Qxe3+ 15. Kh1 c6 16. Rf3 Qe5 17. Bb3 Bg4 18. Bc2 Bxf3 19. Qxf3 Rae8
20. h3 g6 21. Qf2 Bd8 22. Qxa7 Bc7 23. Qg1 Re7 24. b4 Rfe8 25. g3 Qxg3 26. Qxg3
Bxg3 27. Kg2 Bh4 28. Bd3 Re3 29. Bc4 Rxc3 30. Bb3 Re2+ 31. Kh1 Re1+ 32. Rxe1
Bxe1 33. Kg2 Re3 34. Kf1 Bxb4 35. Kf2 Rxh3 36. Kg2 Rc3 37. Kf2 Kg7 38. Ke2 f5
39. Kd2 Rxb3+ 40. Kc2 Ra3 41. Kb2 f4 42. Kc2 f3 43. Kd1 Rxa2 44. Kc1 Rh2 45.
Kd1 f2 46. Kc1 f1=Q# 0-1

[Event "U.S. Amateur North"]
[Site "Detroit, MI"]
[Date "1998.??.??"]
[Round "?"]
[White "Dragomirov, Z."]
[Black "Hess, Michael"]
[Result "1-0"]
[WhiteElo "1605"]
[BlackElo "1605"]
[PlyCount "103"]
[EventDate "1998.05.??"]

{5/24} 1. e4 e5 2. Nf3 Nc6 3. Bb5 Nf6 4. Bxc6 dxc6 5. Nxe5 Qd4 6. Nd3 Nxe4 7.
f3 Nf6 8. Qe2+ Be7 9. c3 Qd6 10. b3 O-O 11. Ba3 Qe6 12. Bxe7 Qxe2+ 13. Kxe2 Re8
14. Re1 Rxe7+ 15. Kf2 Rxe1 16. Nxe1 Bd7 17. Nd3 b6 18. Na3 Re8 19. g4 c5 20. g5
Nh5 21. Re1 Rxe1 22. Kxe1 b5 23. Nxc5 Bc6 24. d4 Bxf3 25. Nxb5 f5 26. gxf6 Nxf6
27. Nxc7 g5 28. N7e6 g4 29. Ng5 Bd5 30. c4 Bg2 31. Kf2 Ba8 32. d5 Ne4+ 33.
Ngxe4 h5 34. Nf6+ Kg7 35. Nxh5+ Kh6 36. Nf4 Kg5 37. Nfe6+ Kh4 38. Kg2 a5 39.
Nc7 Bxd5+ 40. cxd5 a4 41. bxa4 Kg5 42. d6 g3 43. Kxg3 Kh5 44. d7 Kg6 45. d8=Q
Kf7 46. Qe8+ Kf6 47. Qe6+ Kg5 48. Qf7 Kh6 49. Qg8 Kh5 50. Kf4 Kh6 51. Kf5 Kh5
52. Qg5# 1-0

[Event "U.S. Amateur North"]
[Site "Detroit, MI"]
[Date "1998.??.??"]
[Round "?"]
[White "Dowling, John"]
[Black "Williams, Ron"]
[Result "1-0"]
[WhiteElo "2155"]
[BlackElo "1830"]
[PlyCount "41"]
[EventDate "1998.05.??"]

{5/24} 1. e4 Nc6 2. d4 e5 3. dxe5 Nxe5 4. Nf3 Nxf3+ 5. Qxf3 Bc5 6. Be3 Bb6 7.
Nc3 Bxe3 8. Qxe3 c6 9. O-O-O Qe7 10. Qg3 f6 11. Bc4 b5 12. Bxb5 Nh6 13. Bc4 a5
14. Rhe1 Ba6 15. Bxa6 Rxa6 16. Nd5 cxd5 17. exd5 Qxe1 18. Rxe1+ Kf7 19. Qc7
Raa8 20. Qxd7+ Kg6 21. Re3 1-0

[Event "U.S. Amateur North"]
[Site "Detroit, MI"]
[Date "1998.??.??"]
[Round "?"]
[White "Dowling, John"]
[Black "Schell, Ken"]
[Result "1-0"]
[WhiteElo "2155"]
[BlackElo "1710"]
[PlyCount "35"]
[EventDate "1998.05.??"]

{5/23} 1. d4 d5 2. Nf3 Nf6 3. Bf4 Bf5 4. c4 e6 5. Qb3 Nc6 6. e3 Nb4 7. Na3 a5
8. Be2 Bd6 9. Bxd6 cxd6 10. O-O O-O 11. Nh4 Ne4 12. Nf3 Nf6 13. Rfc1 Rb8 14.
Nh4 Bg6 15. Nxg6 hxg6 16. Nb5 b6 17. a3 Nc6 18. cxd5 1-0

[Event "U.S. Amateur North"]
[Site "Detroit, MI"]
[Date "1998.??.??"]
[Round "?"]
[White "Dowling, John"]
[Black "Haddad, Wade"]
[Result "1-0"]
[WhiteElo "2155"]
[BlackElo "1605"]
[PlyCount "47"]
[EventDate "1998.05.??"]

{5/22} 1. c4 e5 2. Nc3 Nc6 3. Nf3 Nf6 4. g3 a6 5. Bg2 Bc5 6. O-O O-O 7. Nxe5
Bxf2+ 8. Rxf2 Nxe5 9. b3 c6 10. d4 Ng6 11. Bg5 d6 12. Qd2 Qa5 13. Bxf6 gxf6 14.
Rxf6 Bg4 15. e4 Rad8 16. Raf1 Qc7 17. Qg5 Be6 18. h4 Kh8 19. h5 Ne7 20. d5 Rg8
21. Qh6 cxd5 22. Rxf7 Bxf7 23. Rxf7 Nf5 24. Qxh7# 1-0

[Event "Kalamazoo Mini-Swiss.1"]
[Site "Kalamazoo, MI"]
[Date "1998.??.??"]
[Round "?"]
[White "Dorrington, Eldon"]
[Black "Sheridan, Gregory"]
[Result "0-1"]
[WhiteElo "1690"]
[BlackElo "1880"]
[PlyCount "104"]
[EventDate "1998.??.??"]

1. d4 Nf6 2. e3 d5 3. Bd3 Nc6 4. c3 e5 5. dxe5 Nxe5 6. Be2 Bd6 7. Nf3 O-O 8.
Nbd2 Bf5 9. O-O c6 10. Re1 Qc7 11. Nxe5 Bxe5 12. Nf1 Rfe8 13. Ng3 Bxg3 14. hxg3
Ne4 15. Kh2 Nxf2 16. Qb3 Ne4 17. Kg1 Qxg3 18. Rf1 Bh3 19. Bf3 Rab8 20. Qd1 Ng5
21. Qe2 Bd7 22. Bd2 Re6 23. Be1 Nxf3+ 24. Rxf3 Qg4 25. Qf2 Rg6 26. Bd2 Rd8 27.
Rf1 f5 28. Rf4 Qg3 29. Qxg3 Rxg3 30. Kf2 Rg4 31. g3 g5 32. Rxg4 fxg4 33. Kg2
Kg7 34. b4 Rf8 35. Rb1 Bf5 36. Rb2 Be4+ 37. Kg1 Rf3 38. a4 Rxg3+ 39. Kf1 h5 40.
b5 c5 41. b6 a6 42. c4 h4 43. Bc3+ Kg6 44. Rf2 Rf3 45. cxd5 Bxd5 46. Rxf3 gxf3
47. Kf2 g4 48. Be5 Kf5 49. Bc7 Ke4 50. Bd8 g3+ 51. Kf1 h3 52. Bg5 h2 0-1

[Event "Kalamazoo Mini-Swiss.1"]
[Site "Kalamazoo, MI"]
[Date "1998.??.??"]
[Round "?"]
[White "Dorrington, Eldon"]
[Black "Sellers, Matt"]
[Result "1/2-1/2"]
[WhiteElo "1690"]
[BlackElo "2020"]
[PlyCount "79"]
[EventDate "1998.??.??"]

1. d4 Nf6 2. e3 d5 3. Bd3 c5 4. c3 Nc6 5. f4 e6 6. Nf3 Ne4 7. O-O Be7 8. Nbd2
f5 9. Bxe4 dxe4 10. Ne5 Nxe5 11. fxe5 O-O 12. Rf2 b6 13. Nf1 Ba6 14. g3 Bd3 15.
Qe1 a6 16. Bd2 b5 17. b4 cxb4 18. cxb4 Rc8 19. Rc1 Qd5 20. a3 Qb3 21. Rxc8 Rxc8
22. Qa1 Rc2 23. Be1 Rxf2 24. Bxf2 Qc2 25. h3 g5 26. Be1 Qe2 27. Bf2 Kf7 28. Qc1
g4 29. h4 Qc2 30. Qxc2 Bxc2 31. Be1 Ke8 32. Kf2 Kd7 33. Bc3 Kc6 34. Ke1 Kd5 35.
Nd2 h5 36. Ke2 Bf8 37. Kf2 a5 38. Ke2 a4 39. Kf2 Bd3 40. Bb2 1/2-1/2

[Event "Michigan Amateur"]
[Site "Kalamazoo "]
[Date "1998.??.??"]
[Round "?"]
[White "Dorrington, Eldon"]
[Black "Phillips, T."]
[Result "0-1"]
[WhiteElo "1675"]
[BlackElo "1605"]
[PlyCount "140"]
[EventDate "1998.07.??"]

{7/19} 1. d4 g6 2. Bg5 Bg7 3. e3 d5 4. f4 Nf6 5. Nd2 O-O 6. Ngf3 Bg4 7. Be2
Nbd7 8. O-O Qc8 9. Ne5 Bxe2 10. Qxe2 e6 11. Ng4 Ne8 12. Bh6 c5 13. Bxg7 Nxg7
14. c3 c4 15. Nf3 f6 16. Nd2 f5 17. Nf2 b5 18. a3 Ne8 19. g4 Nd6 20. g5 Nb6 21.
h4 Qe8 22. Nf3 Nd7 23. Kg2 Kg7 24. Rh1 Rh8 25. Nd2 Qe7 26. Nf1 a5 27. Ng3 Rab8
28. h5 Nf7 29. hxg6 hxg6 30. Rxh8 Rxh8 31. Rh1 Rxh1 32. Ngxh1 b4 33. axb4 axb4
34. cxb4 Qxb4 35. Qc2 Nb6 36. Nd1 Na4 37. Kf1 Qb3 38. Qxb3 cxb3 39. Ke2 Nd6 40.
Kd3 Nc4 41. Ng3 Naxb2+ 42. Nxb2 Nxb2+ 43. Kc3 Nd1+ 44. Kxb3 Nxe3 45. Ne2 Kf7
46. Kb4 Ke7 47. Kc5 Ng2 48. Kc6 Ne3 49. Kc7 Nc4 50. Kc6 Na5+ 51. Kc7 Nb3 52.
Kc6 Na1 53. Nc3 Nc2 54. Ne2 Ne1 55. Nc3 Ng2 56. Ne2 Ne3 57. Kc7 Nc4 58. Kc6 Nd6
59. Nc3 Ne8 60. Ne2 Ng7 61. Kc7 e5 62. dxe5 Ne6+ 63. Kb6 d4 64. Kb5 d3 65. Nc3
Nxf4 66. Kc4 Ke6 67. Kd4 Ne2+ 68. Kxd3 Nxc3 69. Kxc3 Kxe5 70. Kd3 Kf4 0-1

[Event "Kalamazoo Mini-Swiss.1"]
[Site "Kalamazoo, MI"]
[Date "1998.??.??"]
[Round "?"]
[White "Dorrington, Eldon"]
[Black "Moore, Robert"]
[Result "0-1"]
[WhiteElo "1690"]
[BlackElo "1655"]
[PlyCount "102"]
[EventDate "1998.??.??"]

1. d4 g6 2. e3 Bg7 3. f4 d6 4. Nf3 Nf6 5. Bd3 O-O 6. O-O a6 7. Nbd2 b5 8. e4
Bb7 9. Qe1 c5 10. c3 Qb6 11. h3 Nc6 12. dxc5 Qxc5+ 13. Kh2 Qb6 14. g4 Nd7 15.
Nb3 Qc7 16. Nfd4 Nxd4 17. cxd4 e5 18. d5 exf4 19. Bxf4 Ne5 20. Qd2 Nxd3 21.
Qxd3 Bxb2 22. Rab1 Bg7 23. Rfc1 Qb6 24. Be3 Be5+ 25. Kg2 Qd8 26. Nd4 Qa5 27. a3
Rac8 28. Bd2 Qd8 29. Nb3 Qh4 30. Na5 Rxc1 31. Rxc1 Bc8 32. Qf3 h5 33. g5 f5 34.
gxf6 Bxf6 35. Bf4 Be5 36. Bxe5 Rxf3 37. Kxf3 Qxh3+ 38. Bg3 Qg4+ 39. Kf2 h4 40.
Bxd6 h3 41. Bg3 Bd7 42. Re1 Qg5 43. Re3 Qf6+ 44. Kg1 Qa1+ 45. Be1 Qc1 46. Kf2
h2 47. Rc3 Qxc3 48. Bxc3 h1=Q 49. Bb4 Qxe4 50. d6 Qf4+ 51. Kg1 Qf3 0-1

[Event "Kalamazoo Mini-Swiss.1"]
[Site "Kalamazoo, MI"]
[Date "1998.??.??"]
[Round "?"]
[White "Dorrington, Eldon"]
[Black "Grzegorczyk, Ron"]
[Result "0-1"]
[WhiteElo "1690"]
[BlackElo "1655"]
[PlyCount "58"]
[EventDate "1998.??.??"]

1. d4 d5 2. e3 Nf6 3. Bd3 g6 4. f4 Bg7 5. Nd2 Bg4 6. Ngf3 Nbd7 7. c3 e6 8. Qb3
Bxf3 9. Nxf3 Nb6 10. O-O O-O 11. Qd1 Rc8 12. b3 c5 13. dxc5 Rxc5 14. Ba3 Rxc3
15. Bxf8 Kxf8 16. Rc1 Rxc1 17. Qxc1 Ne4 18. Qa3+ Kg8 19. Qxa7 Qc7 20. a4 Nc5
21. Rc1 Qd6 22. a5 Nxd3 23. Qxb6 Qa3 24. Rc8+ Bf8 25. h3 Qa1+ 26. Kh2 Nf2 27.
Qc5 Qh1+ 28. Kg3 Ne4+ 29. Kh4 Nxc5 0-1